000 01148nam a2200289 a 4500
001 000006889
003 DO-SdBNP
005 20180213081704.0
007 000006889
008 090903s1997 dr 000 0 spa d
040 _aBPMET
_bspa
_cBPMET
092 _a461.07
_bZ68l
100 1 _aZúñiga Lozano, Alicia
245 1 0 _aLengua española :
_belementos básicos de redacción activa /
_cAlicia Zúñiga Lozano, Dominmgo Peña Nina.
260 _aSanto Domingo :
_bServicios Gráficos Artísticos,
_c1997.
300 _a272 p. ;
_c23 cm.
504 _aIncluye bibliografías (p. 105)
505 2 _aLa comunicación humana -- El párrafo -- El resumen -- El lenguaje figurado -- El estilo -- La descripción -- La narración -- La exposición -- La titulación -- La oratoria -- Lecturas adicionales
650 4 _aESPAÑOL
_xENSEÑANZA
650 4 _aESPAÑOL
_xGRAMÁTICA
_xENSEÑANZA BÁSICA
650 4 _aESPAÑOL
_xEJERCICIOS DE REDACCIÓN
650 4 _aESPAÑOL
_xESTILO
_xRETÓRICA
700 1 _aPeña Nina, Domingo
942 _2ddc
_cBK
945 _aTítulo remanejado para la BNPHU
956 _a VMATEO
_b 10
_c 20170923
_lBPMS
_h0069
999 _c7434
_d7434